| 000 | 00433nam a2200157Ia 4500 | ||
|---|---|---|---|
| 008 | 210719s1976 xx 000 0 und d | ||
| 041 | _aeng | ||
| 082 | _a894.8141 KANM | ||
| 100 | _aKANAVI (Chennaveera) and RAO (K Raghavendra) | ||
| 245 | _aModern kannada poetry. | ||
| 260 |
_aDharwar. _bKarnatak University., _c1976 |
||
| 300 |
_axxv,117 _bHB |
||
| 365 | _cRs | ||
| 650 | _aKannada Poetry | ||
| 906 | _aKannada Poems in English | ||
| 999 |
_c213047 _d213047 |
||